The fading light of advaita acarya : three hagiographies /
| المؤلف الرئيسي: | |
|---|---|
| مؤلفون آخرون: | , , , |
| التنسيق: | كتاب |
| اللغة: | English Bengali Sanskrit |
| منشور في: |
Oxford ; New York :
Oxford University Press,
2011.
|
| سلاسل: | AAR religion in translation
|
| الموضوعات: | |
| Classic Catalogue: | View this record in Classic Catalogue |
| LEADER | 01720nam a2200385 i 4500 | ||
|---|---|---|---|
| 001 | 42573 | ||
| 003 | BD-DhAAL | ||
| 005 | 20250819115727.0 | ||
| 008 | 101018t2011 enk b 001 0beng | ||
| 010 | |a 2010042382 | ||
| 020 | |a 9780199736461 (hardcover : acidfree paper) | ||
| 020 | |a 9780199736478 (pbk. : acidfree paper) | ||
| 040 | |a DLC |b eng |c DLC |e rda |d DLC |d BD-DhAAL | ||
| 041 | 1 | |a eng |h ben |h san | |
| 042 | |a pcc | ||
| 050 | 0 | 0 | |a BL1175.A187 |b F33 2011 |
| 082 | 0 | 0 | |a 294.5512092 |2 22 |
| 100 | |a Manring, Rebecca J. | ||
| 245 | 0 | 4 | |a The fading light of advaita acarya : |b three hagiographies / |c Rebecca J. Manring. |
| 260 | |a Oxford ; |a New York : |b Oxford University Press, |c 2011. | ||
| 300 | |a xix, 284 pages : |c 24 cm. | ||
| 490 | 0 | |a AAR religion in translation | |
| 504 | |a Includes bibliographical references (pages 271-273) and index. | ||
| 541 | |a Donated by Author Rebecca J. Manring. |e 42573 | ||
| 546 | |a Includes translations from Bengali and from Sanskrit. | ||
| 600 | 0 | 0 | |a Advaita Acarya, |d 15th century. |9 56363 |
| 650 | 0 | |a Vaishnavites |v Biography. |9 56364 | |
| 700 | 1 | |a Manring, Rebecca J. |q (Rebecca Jane), |d 1951- |9 56365 | |
| 700 | 0 | 2 | |a Haricaraṇa Dasa. |t Advaita maṅgala. |l English. |9 56366 |
| 700 | 0 | 2 | |a Lauḍiya Kr̥ṣṇadasa. |t Balyalilasutra. |l English. |9 56367 |
| 700 | 0 | 2 | |a Isana Nagara, |d 1865-1954. |t Advaita prakasa. |l English. |9 56368 |
| 852 | |a Ayesha Abed Library |c General Stacks | ||
| 942 | |2 ddc |c BK | ||
| 999 | |c 46619 |d 46619 | ||
| 952 | |0 0 |1 0 |2 ddc |4 0 |6 294_551209200000000_MAN |7 0 |9 75442 |a BRACUL |b BRACUL |c GEN |d 2024-05-13 |e Donated by Author Rebecca J. Manring |g 1755.11 |l 0 |o 294.5512092 MAN |p 3010042573 |r 2024-05-13 |t 1 |v 1755.11 |w 2024-05-13 |y BK |x £14.99, Donated by Author Rebecca J. Manring | ||